CASES IN CRITICAL CROSS CULTURAL MANAGEM (Record no. 31959)

MARC details
000 -LEADER
fixed length control field 00346nam a2200133Ia 4500
008 - FIXED-LENGTH DATA ELEMENTS--GENERAL INFORMATION
fixed length control field 240624s9999 xx 000 0 und d
041 ## - LANGUAGE CODE
Language code of text/sound track or separate title eng
082 ## - DEWEY DECIMAL CLASSIFICATION NUMBER
Classification number 658.3 MAH
100 ## - MAIN ENTRY--PERSONAL NAME
Personal name MAHADEVAN JASMINE
245 ## - TITLE STATEMENT
Title CASES IN CRITICAL CROSS CULTURAL MANAGEM
260 ## - PUBLICATION, DISTRIBUTION, ETC.
Date of publication, distribution, etc. 2020
Place of publication, distribution, etc. London
Name of publisher, distributor, etc. Routledge
300 ## - PHYSICAL DESCRIPTION
Extent xvi, 212 p.; 23 cm.
365 ## - TRADE PRICE
Currency code BPS
Price amount 31
Holdings
Withdrawn status Lost status Damaged status Not for loan Home library Current library Shelving location Date acquired Full call number Barcode Date last seen Copy number Price effective from Koha item type
        IMTN IMTN Rack 23-B 03/03/2020 658.3 MAH 31959 06/24/2024 97.4 06/24/2024 Books
Designed & Maintained by: LRC IMT Nagpur Contact: lrc@imtnag.ac.in© 2024. All Rights Reserved.